[Event "TCh-FRA Top 16 Basse 2025"]
[Site "Belfort FRA"]
[Date "2025.05.29"]
[Round "1.1"]
[White "Materia, Marco"]
[Black "Rathanvel, V S"]
[Result "1/2-1/2"]
[WhiteTitle "IM"]
[BlackTitle "IM"]
[WhiteElo "2489"]
[BlackElo "2465"]
[WhiteTeam "Bischwiller"]
[BlackTeam "Lyon Olympique Echecs"]
[WhiteFideId "45150451"]
[BlackFideId "25002112"]
[EventDate "2025.05.29"]
[EventType "team"]

1. d4 Nf6 2. c4 e6 3. Nc3 d5 4. cxd5 exd5 5. Bg5 Be7 6. e3 c6 7. Bd3 h6 8. Bh4
O-O 9. Bg3 c5 10. dxc5 Bxc5 11. Nf3 Nc6 12. O-O Bg4 13. h3 Bh5 14. Be2 Ne4 15.
Nxe4 dxe4 16. Ne5 Bxe2 17. Qxe2 Nxe5 18. Bxe5 Qe7 19. Bc3 Bb4 20. Bd4 Bc5 21.
Bxc5 Qxc5 22. Rac1 Qe5 23. Rc4 Rac8 24. Rxc8 Rxc8 25. Rd1 Rc5 26. h4 1/2-1/2

[Event "TCh-FRA Top 16 Basse 2025"]
[Site "Belfort FRA"]
[Date "2025.05.29"]
[Round "1.2"]
[White "Fedorchuk, Sergey A."]
[Black "Schmider, Niklas"]
[Result "1-0"]
[WhiteTitle "GM"]
[BlackTitle "IM"]
[WhiteElo "2565"]
[BlackElo "2421"]
[WhiteTeam "Lyon Olympique Echecs"]
[BlackTeam "Bischwiller"]
[WhiteFideId "14102536"]
[BlackFideId "12993778"]
[EventDate "2025.05.29"]
[EventType "team"]

1. e4 c5 2. Nf3 d6 3. d4 cxd4 4. Nxd4 Nf6 5. Nc3 a6 6. Bg5 Nbd7 7. a3 Qc7 8. Qd2
e6 9. O-O-O h6 10. Be3 Ng4 11. f4 Nxe3 12. Qxe3 Be7 13. Kb1 b5 14. Be2 Rb8 15.
Na2 Bb7 16. h4 Qc5 17. Qd3 Nb6 18. f5 e5 19. Nb3 Qc7 20. Nc3 Rc8 21. Rh3 Qd8 22.
g4 Bxh4 23. Na5 Ba8 24. Rxh4 Qxh4 25. Qxd6 Qf2 26. Nb3 Bc6 27. Qxe5+ Kf8 28. Nd4
Na4 29. Nxa4 bxa4 30. Nxc6 Qxe2 31. Qd6+ Kg8 32. Ne7+ Kh7 33. Qg6+ fxg6 34.
fxg6# 1-0

[Event "TCh-FRA Top 16 Basse 2025"]
[Site "Belfort FRA"]
[Date "2025.05.29"]
[Round "1.3"]
[White "Schlosser, Philipp"]
[Black "Mathieu, Phileas"]
[Result "1/2-1/2"]
[WhiteTitle "GM"]
[BlackTitle "FM"]
[WhiteElo "2472"]
[BlackElo "2346"]
[WhiteTeam "Bischwiller"]
[BlackTeam "Lyon Olympique Echecs"]
[WhiteFideId "4600169"]
[BlackFideId "36048410"]
[EventDate "2025.05.29"]
[EventType "team"]

1. c4 c5 2. Nf3 Nf6 3. Nc3 e6 4. e3 d5 5. d4 Nc6 6. cxd5 exd5 7. Bb5 cxd4 8.
Nxd4 Bd7 9. O-O Bd6 10. Be2 a6 11. Bf3 Ne7 12. Qb3 Bc6 13. Rd1 O-O 14. Bd2 Qd7
15. Be1 Rfd8 16. g3 h5 17. Rac1 h4 18. Qc2 hxg3 19. hxg3 Rab8 20. b3 Ba3 21. Rb1
Bd6 22. Qe2 Ng6 23. Bg2 Ne5 24. Rbc1 Re8 25. Qf1 Rbc8 26. Bh3 Qd8 27. Bxc8 Qxc8
28. Nce2 Qg4 29. Qg2 Bd7 30. Nf4 Bb8 31. f3 Qg5 32. Bf2 Ba7 33. Rc7 Qh6 34. Rxb7
Bxd4 35. Rxd4 Bc8 36. Rc7 g5 37. Nxd5 g4 38. Rxc8 Rxc8 39. Ne7+ Kf8 40. Nxc8
Nxf3+ 41. Kf1 Nxd4 42. exd4 Qc1+ 43. Be1 Qxc8 44. Qe2 Qc6 45. Kg1 Kg7 46. Bd2
Qe4 47. Qxe4 Nxe4 48. Bf4 Kf6 49. Kf1 Nc3 50. Bd2 Ne4 51. Be1 Ke6 52. Ke2 Kd5
53. Ke3 Nd6 54. Kf4 f5 55. Bb4 Ne4 56. Bc5 Ke6 57. Bb4 Kd5 58. Be1 Nd6 59. Bf2
Ne4 60. Be3 Ke6 61. d5+ Kxd5 62. Kxf5 Nxg3+ 63. Kxg4 Ke4 64. Kxg3 Kxe3 65. b4
Kd4 66. a4 Kc4 67. b5 axb5 68. axb5 Kxb5 1/2-1/2

[Event "TCh-FRA Top 16 Basse 2025"]
[Site "Belfort FRA"]
[Date "2025.05.29"]
[Round "1.4"]
[White "Benitah, Yohan"]
[Black "Pigeat, Alexandre"]
[Result "1-0"]
[WhiteTitle "IM"]
[BlackTitle "FM"]
[WhiteElo "2333"]
[BlackElo "2303"]
[WhiteTeam "Lyon Olympique Echecs"]
[BlackTeam "Bischwiller"]
[WhiteFideId "609560"]
[BlackFideId "20649444"]
[EventDate "2025.05.29"]
[EventType "team"]

1. d4 e6 2. c4 d5 3. Nf3 c6 4. g3 Nd7 5. Bg2 Bd6 6. O-O a5 7. Qc2 Ne7 8. e4 dxe4
9. Qxe4 Nf6 10. Qe2 O-O 11. Nc3 Ng6 12. Bg5 Be7 13. h4 Re8 14. Rad1 h6 15. Bc1
a4 16. a3 Qa5 17. Ne5 Nf8 18. c5 N8d7 19. Nc4 Qa6 20. Rfe1 b5 21. cxb6 Bb7 22.
Ne5 Qxb6 23. Qc2 Qa6 24. Bf1 Qa7 25. Be3 c5 26. Nxd7 Nxd7 27. d5 exd5 28. Nxd5
Bf8 29. Bg2 Ne5 30. Bf4 Nc6 31. Rxe8 Rxe8 32. Be3 Ne5 33. Bf4 Nc6 34. Nc3 Nd4
35. Qxa4 Ne2+ 36. Kh2 Qxa4 37. Nxa4 Bxg2 38. Kxg2 Nxf4+ 39. gxf4 f5 40. Kf3 Ra8
41. Nb6 Rb8 42. Nc4 h5 43. Re1 Kf7 44. Re3 Rb7 45. a4 Ra7 46. a5 Ra6 47. Rb3 Be7
48. Rb6 Ra8 49. Ne5+ Ke8 50. a6 Bxh4 51. a7 Rxa7 52. Rb8+ Bd8 53. Rxd8+ Kxd8 54.
Nc6+ Kd7 55. Nxa7 g6 56. b3 Kd6 57. Nc8+ Kd7 58. Nb6+ Kc6 59. Nc4 Kd5 60. Ne5 g5
61. fxg5 Kxe5 1-0

[Event "TCh-FRA Top 16 Basse 2025"]
[Site "Belfort FRA"]
[Date "2025.05.29"]
[Round "1.5"]
[White "Barbaras, Mathieu"]
[Black "Tahay, Alexis"]
[Result "0-1"]
[BlackTitle "IM"]
[WhiteElo "2277"]
[BlackElo "2375"]
[WhiteTeam "Bischwiller"]
[BlackTeam "Lyon Olympique Echecs"]
[WhiteFideId "20622910"]
[BlackFideId "26090961"]
[EventDate "2025.05.29"]
[EventType "team"]

1. d4 Nf6 2. Nf3 e6 3. c4 d5 4. g3 Bb4+ 5. Bd2 Be7 6. Bg2 O-O 7. O-O Nbd7 8. Qc2
c6 9. Bf4 a5 10. Rd1 h6 11. b3 b6 12. Ne5 Nxe5 13. dxe5 Nd7 14. e4 dxc4 15. Nd2
cxb3 16. Qxc6 b2 17. Rab1 Ba6 18. Nf3 Ra7 19. Qc2 Rc7 20. Qxb2 Qa8 21. Nd4 Rfc8
22. Nf5 Bb4 23. Qd4 Bc5 24. Qd2 Nf8 25. Bxh6 exf5 26. exf5 Bb7 27. Bxb7 Qxb7 28.
Bxg7 Nh7 29. Bh6 Qf3 30. f6 Rd7 31. Rb3 Bxf2+ 32. Qxf2 Rxd1+ 33. Qf1 Rxf1# 0-1

[Event "TCh-FRA Top 16 Basse 2025"]
[Site "Belfort FRA"]
[Date "2025.05.29"]
[Round "1.6"]
[White "Hejazipour, Mitra"]
[Black "Wagner, Claude"]
[Result "1/2-1/2"]
[WhiteTitle "WGM"]
[BlackTitle "IM"]
[WhiteElo "2310"]
[BlackElo "2321"]
[WhiteTeam "Lyon Olympique Echecs"]
[BlackTeam "Bischwiller"]
[WhiteFideId "12505951"]
[BlackFideId "600830"]
[EventDate "2025.05.29"]
[EventType "team"]

1. e4 c5 2. Nf3 Nc6 3. Bb5 g6 4. c3 Nf6 5. e5 Nd5 6. O-O Bg7 7. d4 cxd4 8. cxd4
O-O 9. Nc3 Nc7 10. Ba4 d6 11. Bxc6 bxc6 12. Re1 Bg4 13. h3 Bxf3 14. Qxf3 Ne6 15.
Be3 dxe5 16. dxe5 Qc7 17. Rac1 Qxe5 18. Qxc6 Rfc8 19. Qb7 Qc7 20. Qf3 Qb8 21.
Nd5 Re8 22. b4 a5 23. b5 Qxb5 24. Rb1 Qa6 25. Rb6 Qc8 26. Rc1 Qd8 27. Rd1 Qc8
28. Rb7 Qxb7 29. Nf6+ Bxf6 30. Qxb7 a4 31. a3 Reb8 32. Qe4 h5 33. Rb1 Rxb1+ 34.
Qxb1 h4 35. Qe4 Ra5 36. Kf1 Kg7 37. Qb4 Ra8 38. f3 g5 39. Qb7 Ra5 40. Bd2 Rc5
41. Qb4 Rd5 42. Be3 Bd4 43. Bxd4+ Rxd4 44. Qxe7 Rf4 45. Kf2 Kh7 46. g3 hxg3+ 47.
Kxg3 Kg7 48. Qe8 Rh4 49. Qb5 Rf4 50. Qe5+ Kg8 51. Qb8+ Kg7 52. Qe8 Rh4 53. Kf2
Rf4 1/2-1/2

[Event "TCh-FRA Top 16 Basse 2025"]
[Site "Belfort FRA"]
[Date "2025.05.29"]
[Round "1.7"]
[White "Bellahcene, Sofia"]
[Black "Malka, Samuel"]
[Result "0-1"]
[BlackTitle "FM"]
[WhiteElo "2094"]
[BlackElo "2228"]
[WhiteTeam "Bischwiller"]
[BlackTeam "Lyon Olympique Echecs"]
[WhiteFideId "26075954"]
[BlackFideId "20643675"]
[EventDate "2025.05.29"]
[EventType "team"]

1. e4 e5 2. Nf3 Nc6 3. Bb5 a6 4. Ba4 Nf6 5. O-O Be7 6. d3 b5 7. Bb3 d6 8. a3 a5
9. a4 b4 10. h3 O-O 11. Re1 h6 12. Be3 Re8 13. Bd5 Nxd5 14. exd5 Nb8 15. c3 c6
16. dxc6 Nxc6 17. Nbd2 Bf5 18. Nc4 Rb8 19. Bc1 Bf6 20. Ne3 Be6 21. Nd2 g6 22.
Ng4 Bg7 23. Nf3 Bxg4 24. hxg4 bxc3 25. bxc3 d5 26. d4 exd4 27. Rxe8+ Qxe8 28.
Nxd4 Nxd4 29. cxd4 Qe4 30. Be3 Rb4 31. Rc1 Bxd4 32. Bxd4 Rxd4 33. Qb3 Rb4 34.
Rc8+ Kg7 35. Qg3 d4 36. Qd6 Rb7 37. Kh2 Re7 38. Qd8 Qe5+ 39. g3 Kf6 40. Rc6+ Kg7
41. Rc8 Kf6 42. Qh8+ Ke6 43. Rc6+ Kd5 44. Qa8 Ra7 45. Qc8 Ke4 46. Rc1 Kf3 47.
Qc6+ Qe4 48. Qf6+ Ke2 49. Qb6 Re7 50. Qb2+ Kf3 51. Ra1 Kxg4 52. Ra3 Kf5 53. Qd2
g5 54. Qxa5+ Kg6 55. Qa6+ Re6 56. Qc8 Kg7 57. Qc4 Rf6 58. f3 Rxf3 59. Rxf3 Qxf3
60. Qxd4+ Kg6 61. a5 Qe2+ 62. Kh3 Qf1+ 63. Kh2 Qe2+ 64. Kh3 Qe6+ 65. Kh2 Qa2+
66. Kh3 Qxa5 67. Qd6+ f6 68. g4 Qc3+ 69. Kg2 h5 70. gxh5+ Kxh5 71. Qd1+ g4 72.
Qd5+ Qe5 73. Qf7+ Kg5 74. Qg7+ Kf5 75. Qh7+ Kf4 76. Qh6+ Qg5 77. Qf8 Qd5+ 78.
Kg1 Qd4+ 79. Kg2 Qd5+ 80. Kg1 f5 81. Qh6+ Ke5 82. Qg7+ Ke4 83. Qe7+ Qe5 84. Qb7+
Kf4 85. Qb4+ Kg5 86. Qf8 Qd4+ 87. Kh1 Kf4 88. Qh6+ Kf3 89. Qc6+ Qe4 0-1

[Event "TCh-FRA Top 16 Basse 2025"]
[Site "Belfort FRA"]
[Date "2025.05.29"]
[Round "1.8"]
[White "Lux, Hugo de Melo"]
[Black "Savignon Schmidt, Maxime"]
[Result "1-0"]
[WhiteTitle "FM"]
[WhiteElo "2315"]
[BlackElo "2057"]
[WhiteTeam "Lyon Olympique Echecs"]
[BlackTeam "Bischwiller"]
[WhiteFideId "2138298"]
[BlackFideId "651086581"]
[EventDate "2025.05.29"]
[EventType "team"]

1. e4 c5 2. Nc3 Nc6 3. Bb5 Nd4 4. Bc4 e6 5. Nge2 Ne7 6. Nxd4 cxd4 7. Ne2 Nc6 8.
O-O Be7 9. d3 O-O 10. a3 a6 11. f4 Re8 12. Ng3 Bh4 13. f5 Bxg3 14. hxg3 Ne7 15.
f6 Ng6 16. fxg7 b5 17. Bb3 Bb7 18. Qh5 Rc8 19. Bg5 Qc7 20. Bf6 Qxg3 21. Rf3 Nf4
22. Rxf4 Qxf4 23. Rf1 Qg3 24. Bg5 f6 25. Rxf6 Re7 26. Rf3 Qd6 27. Bh6 1-0

[Event "TCh-FRA Top 16 Basse 2025"]
[Site "Belfort FRA"]
[Date "2025.05.29"]
[Round "1.1"]
[White "Donchenko, Alexander"]
[Black "Eugene, Floryan"]
[Result "1-0"]
[WhiteTitle "GM"]
[BlackTitle "IM"]
[WhiteElo "2615"]
[BlackElo "2469"]
[WhiteTeam "Vandoeuvre Echecs"]
[BlackTeam "Le Mans"]
[WhiteFideId "24603295"]
[BlackFideId "20694784"]
[EventDate "2025.05.29"]
[EventType "team"]

1. d4 d5 2. c4 e6 3. Nc3 Nf6 4. cxd5 exd5 5. Bg5 c6 6. e3 h6 7. Bh4 Be7 8. Bd3
O-O 9. Nge2 Ne8 10. Bg3 Nd6 11. Qc2 Re8 12. O-O a5 13. a3 Bf8 14. Rfe1 Na6 15.
Rad1 Nc7 16. Nc1 Ncb5 17. Na4 Ne4 18. Bxb5 cxb5 19. Bc7 Qg5 20. Nb6 Ra6 21. f3
Nf6 22. Qd3 Bf5 23. h4 Qg6 24. Qxb5 Re7 25. Be5 Bc2 26. Rd2 Ne4 27. Rxc2 Rxb6
28. Qd3 Nd6 29. Qxg6 fxg6 30. Bxd6 Rxd6 31. Nd3 Rc6 32. Rxc6 bxc6 33. Kf2 Re6
34. Rc1 g5 35. h5 Bd6 36. Rc3 g6 37. hxg6 Kg7 38. g4 Kxg6 39. Rxc6 1-0

[Event "TCh-FRA Top 16 Basse 2025"]
[Site "Belfort FRA"]
[Date "2025.05.29"]
[Round "1.2"]
[White "Harutyunyan, Safar"]
[Black "Fridman, Daniel"]
[Result "0-1"]
[WhiteTitle "FM"]
[BlackTitle "GM"]
[WhiteElo "2258"]
[BlackElo "2584"]
[WhiteTeam "Le Mans"]
[BlackTeam "Vandoeuvre Echecs"]
[WhiteFideId "26042428"]
[BlackFideId "11600454"]
[EventDate "2025.05.29"]
[EventType "team"]

1. e4 c6 2. c4 d5 3. exd5 cxd5 4. cxd5 Nf6 5. Nc3 Nxd5 6. Nf3 Nc6 7. Bc4 Nb6 8.
Bb5 g6 9. d4 Bg7 10. O-O O-O 11. Bxc6 bxc6 12. h3 Be6 13. Re1 Re8 14. Rxe6 fxe6
15. Qe2 Qd7 16. Bg5 Rad8 17. Re1 e5 18. Nxe5 Qf5 19. h4 Bxe5 20. dxe5 Kg7 21.
Qa6 h6 22. Be3 Nd5 23. Nxd5 cxd5 24. Qxa7 Ra8 25. Qb7 Rxa2 26. Qb3 Rea8 27. Qb7
Qe6 28. Qb4 R2a4 29. Qb7 Ra1 30. Bc1 g5 31. hxg5 Rc8 32. gxh6+ Kh7 33. Bd2 Rxe1+
34. Bxe1 Rc1 35. Kf1 Qxe5 36. Qb4 Rc2 37. Qb5 Qe4 38. b3 Kxh6 39. f3 Qe3 40.
Qa6+ e6 41. b4 d4 42. f4 Qe4 0-1

[Event "TCh-FRA Top 16 Basse 2025"]
[Site "Belfort FRA"]
[Date "2025.05.29"]
[Round "1.3"]
[White "Brunner, Nicolas"]
[Black "Bouvet, Florian"]
[Result "1-0"]
[WhiteTitle "IM"]
[WhiteElo "2423"]
[BlackElo "2244"]
[WhiteTeam "Vandoeuvre Echecs"]
[BlackTeam "Le Mans"]
[WhiteFideId "620246"]
[BlackFideId "676357"]
[EventDate "2025.05.29"]
[EventType "team"]

1. d4 Nf6 2. c4 e6 3. Nc3 Bb4 4. Qc2 d6 5. Nf3 O-O 6. Bd2 a5 7. a3 Bxc3 8. Bxc3
d5 9. e3 b6 10. Rc1 Ba6 11. Bd2 c6 12. Bd3 dxc4 13. Bxc4 Bxc4 14. Qxc4 Qd5 15.
O-O Ne4 16. Rfd1 Rc8 17. Ne5 f6 18. Nd3 Qxc4 19. Rxc4 Kf7 20. Be1 Nd6 21. Rc2 a4
22. Bb4 Nb5 23. Rdc1 Ra7 24. Be1 Ke7 25. f3 Kd7 26. Bg3 Nd6 27. Kf2 Na6 28. e4
Nb7 29. Ke2 Na5 30. Bf2 Nb3 31. Rd1 Rb7 32. Rc4 b5 33. Rc3 Ke7 34. Nb4 Nxb4 35.
axb4 Kd7 36. g4 Rbb8 37. f4 Re8 38. Kf3 f5 39. gxf5 exf5 40. exf5 Kd6 41. d5
cxd5 42. Bc5+ Kd7 43. Rxd5+ Kc6 44. Rd6+ Kc7 45. Rd1 Kb7 46. Rd7+ Kc8 47. Rxg7
Nd2+ 48. Kg4 Ne4 49. Rc2 Kd8 50. Ba7 1-0

[Event "TCh-FRA Top 16 Basse 2025"]
[Site "Belfort FRA"]
[Date "2025.05.29"]
[Round "1.4"]
[White "Blot, Jerome"]
[Black "Hamitevici, Vladimir"]
[Result "0-1"]
[WhiteTitle "FM"]
[BlackTitle "GM"]
[WhiteElo "2336"]
[BlackElo "2423"]
[WhiteTeam "Le Mans"]
[BlackTeam "Vandoeuvre Echecs"]
[WhiteFideId "613835"]
[BlackFideId "13902393"]
[EventDate "2025.05.29"]
[EventType "team"]

1. d4 Nf6 2. Nf3 b6 3. g3 Bb7 4. Bg2 g6 5. O-O Bg7 6. b3 O-O 7. Bb2 e6 8. c4 Na6
9. Nc3 d5 10. Ne5 Qe7 11. cxd5 exd5 12. Rc1 c5 13. e3 Rfd8 14. Qe2 Nc7 15. Rfd1
Rac8 16. Ba3 Ne4 17. Nxe4 dxe4 18. Bb2 Ne6 19. Bh3 cxd4 20. Rxc8 Rxc8 21. exd4
Rd8 22. Bxe6 Qxe6 23. Rc1 f6 24. Ng4 Rd7 25. Ne3 f5 26. Qb5 a6 27. Qa4 b5 28.
Qb4 Qf7 29. Ng2 g5 30. Qd2 f4 31. Rd1 e3 32. fxe3 fxg3 33. hxg3 Qf3 34. Rf1 Qxg3
35. Qf2 Qg4 36. Ba3 Bd5 37. Qd2 Rc7 38. Bc5 Rc6 39. Rf2 Rh6 40. Qa5 Qd1+ 41. Rf1
Rh1+ 0-1

[Event "TCh-FRA Top 16 Basse 2025"]
[Site "Belfort FRA"]
[Date "2025.05.29"]
[Round "1.5"]
[White "Pourquet, Matthieu"]
[Black "Heurtebize, Olivier"]
[Result "1-0"]
[WhiteTitle "FM"]
[BlackTitle "FM"]
[WhiteElo "2298"]
[BlackElo "2250"]
[WhiteTeam "Vandoeuvre Echecs"]
[BlackTeam "Le Mans"]
[WhiteFideId "20654642"]
[BlackFideId "605360"]
[EventDate "2025.05.29"]
[EventType "team"]

1. Nf3 d5 2. d4 e6 3. c4 c6 4. Nbd2 Nd7 5. e4 dxe4 6. Nxe4 Ngf6 7. Nxf6+ Nxf6 8.
Be2 c5 9. O-O cxd4 10. Qxd4 Be7 11. Qxd8+ Bxd8 12. Ne5 Nd7 13. Nd3 Bf6 14. Bf3
Ne5 15. Nxe5 Bxe5 16. Re1 f6 17. Rb1 Rb8 18. Be3 b6 19. c5 bxc5 20. Bxc5 a5 21.
b4 axb4 22. Ba7 Rb7 23. Bxb7 Bxb7 24. Rxb4 Bc8 25. Bb8 1-0

[Event "TCh-FRA Top 16 Basse 2025"]
[Site "Belfort FRA"]
[Date "2025.05.29"]
[Round "1.6"]
[White "Eugene, Nathael"]
[Black "Savina, Anastasia"]
[Result "1-0"]
[BlackTitle "IM"]
[WhiteElo "2122"]
[BlackElo "2332"]
[WhiteTeam "Le Mans"]
[BlackTeam "Vandoeuvre Echecs"]
[WhiteFideId "45115907"]
[BlackFideId "4196872"]
[EventDate "2025.05.29"]
[EventType "team"]

1. e4 c5 2. Nf3 Nc6 3. d4 cxd4 4. Nxd4 e5 5. Nb5 d6 6. N1c3 a6 7. Na3 Be6 8. Nc4
b5 9. Ne3 Nf6 10. Bd3 g6 11. O-O Bg7 12. a4 b4 13. Ncd5 O-O 14. a5 Bxd5 15. exd5
Nxa5 16. Bd2 Nb7 17. Bxb4 Qb6 18. Bd2 Nc5 19. Be2 Qb7 20. b4 Ncd7 21. Be1 e4 22.
c4 Ne8 23. Rc1 Rc8 24. Nc2 Nb6 25. Ne3 Nd7 26. Kh1 Qa7 27. Qb3 Rb8 28. Bd2 a5
29. Qa4 Qb7 30. bxa5 Nc5 31. Qc2 Nc7 32. Rb1 Qa7 33. Bc3 Bxc3 34. Qxc3 Na4 35.
Qa1 Qxa5 36. Ng4 Qc3 37. Qxa4 h5 38. Ne3 Rxb1 39. Rxb1 Ra8 40. Qc6 Ra2 41. Qxc7
Rxe2 42. Kg1 Qd2 43. Rf1 1-0

[Event "TCh-FRA Top 16 Basse 2025"]
[Site "Belfort FRA"]
[Date "2025.05.29"]
[Round "1.7"]
[White "Nezar, Mustapha"]
[Black "Midy, Robin"]
[Result "1-0"]
[WhiteTitle "IM"]
[BlackTitle "CM"]
[WhiteElo "2324"]
[BlackElo "2139"]
[WhiteTeam "Vandoeuvre Echecs"]
[BlackTeam "Le Mans"]
[WhiteFideId "608637"]
[BlackFideId "26061244"]
[EventDate "2025.05.29"]
[EventType "team"]

1. d4 d6 2. g3 e5 3. Bg2 Be7 4. Nf3 e4 5. Nfd2 f5 6. c4 c6 7. Nc3 Nf6 8. d5 O-O
9. O-O Nbd7 10. f3 Ne5 11. Kh1 e3 12. Nb3 f4 13. gxf4 Ng6 14. Bxe3 Nh5 15. Rg1
c5 16. Ne4 Nhxf4 17. Bf1 Rf5 18. Qd2 Qf8 19. Nc1 Bd7 20. Nd3 Nxd3 21. Qxd3 Ne5
22. Qc3 Rh5 23. Rg2 Re8 24. b3 Kh8 25. Rc1 Bf6 26. Qd2 h6 27. Bf4 Bd8 28. Rd1
Rf5 29. Bg3 Rf7 30. Qc3 Bf6 31. Qa5 Bd8 32. Qxa7 Nxf3 33. Nxd6 Bh3 34. Nxf7+
Qxf7 35. Rf2 Bg4 36. Bg2 Qh5 1-0

[Event "TCh-FRA Top 16 Basse 2025"]
[Site "Belfort FRA"]
[Date "2025.05.29"]
[Round "1.8"]
[White "Budak, Lori"]
[Black "Vallee, Louis"]
[Result "0-1"]
[BlackTitle "FM"]
[WhiteElo "1908"]
[BlackElo "2253"]
[WhiteTeam "Le Mans"]
[BlackTeam "Vandoeuvre Echecs"]
[WhiteFideId "36037630"]
[BlackFideId "45103291"]
[EventDate "2025.05.29"]
[EventType "team"]

1. e4 c5 2. Nc3 Nc6 3. g3 g6 4. Bg2 Bg7 5. d3 Rb8 6. a4 a6 7. Be3 d6 8. Qd2 b5
9. axb5 axb5 10. Nge2 Nd4 11. h3 b4 12. Nd1 e5 13. f4 Ne7 14. O-O b3 15. Nxd4
exd4 16. Bf2 bxc2 17. Qxc2 O-O 18. g4 Nc6 19. Bg3 Qb6 20. Qd2 f5 21. exf5 gxf5
22. Bd5+ Kh8 23. Re1 Nb4 24. Bf3 Ba6 25. Nf2 Qb5 26. Ra3 Rbe8 27. gxf5 Rxe1+ 28.
Qxe1 Nc2 29. Qe7 Nxa3 30. bxa3 Qb1+ 31. Kg2 Bxd3 32. Nxd3 Qxd3 33. Be4 Qe2+ 34.
Bf2 Rg8 0-1

[Event "TCh-FRA Top 16 Basse 2025"]
[Site "Belfort FRA"]
[Date "2025.05.29"]
[Round "1.1"]
[White "Van Wely, Loek"]
[Black "Bassini, Emile"]
[Result "1-0"]
[WhiteTitle "GM"]
[BlackTitle "FM"]
[WhiteElo "2609"]
[BlackElo "2391"]
[WhiteTeam "Clichy Echecs 92"]
[BlackTeam "Bois-Colombes"]
[WhiteFideId "1000268"]
[BlackFideId "26084074"]
[EventDate "2025.05.29"]
[EventType "team"]

1. c4 g6 2. Nf3 Bg7 3. d4 Nf6 4. Nc3 O-O 5. e4 d6 6. Be2 e5 7. O-O Na6 8. Re1
Bg4 9. Be3 exd4 10. Nxd4 Bxe2 11. Qxe2 Re8 12. f3 c6 13. Rad1 Qe7 14. Qd2 Rad8
15. Nc2 Qc7 16. Kh1 Nc5 17. b4 Ne6 18. Bf2 Nh5 19. Bh4 Rc8 20. Ne3 Nd4 21. Ng4
Re6 22. Bf2 c5 23. Nd5 Qd8 24. Be3 f5 25. Nh6+ Bxh6 26. Bxh6 fxe4 27. fxe4 Qh4
28. Kg1 Nf6 29. bxc5 dxc5 30. e5 Ng4 31. Bf4 Rf8 32. Bg3 Qh6 33. Nf6+ Rfxf6 34.
Qxh6 Nxh6 35. exf6 Ne2+ 36. Kf2 1-0

[Event "TCh-FRA Top 16 Basse 2025"]
[Site "Belfort FRA"]
[Date "2025.05.29"]
[Round "1.2"]
[White "Dionisi, Thomas"]
[Black "Gurel, Ediz"]
[Result "0-1"]
[WhiteTitle "IM"]
[BlackTitle "GM"]
[WhiteElo "2410"]
[BlackElo "2636"]
[WhiteTeam "Bois-Colombes"]
[BlackTeam "Clichy Echecs 92"]
[WhiteFideId "651893"]
[BlackFideId "44507356"]
[EventDate "2025.05.29"]
[EventType "team"]

1. e4 c5 2. Nf3 d6 3. c3 Nf6 4. h3 Nc6 5. Bd3 e5 6. Bc2 d5 7. exd5 Qxd5 8. Qe2
Be6 9. d3 Be7 10. Nbd2 O-O 11. Ne4 Rad8 12. Nfg5 Bf5 13. g4 Bc8 14. Be3 b6 15.
Rg1 Nxe4 16. dxe4 Qd7 17. Bb3 Bb7 18. Rd1 Qc7 19. Bd5 Nd4 20. cxd4 Bxd5 21. dxc5
Bxa2 22. Ra1 Bb3 23. Qb5 Bc2 24. cxb6 axb6 25. Rc1 Qd6 26. Nf3 Bxe4 27. Nxe5 Bh4
28. g5 Rfe8 29. Ng4 Bf3 0-1

[Event "TCh-FRA Top 16 Basse 2025"]
[Site "Belfort FRA"]
[Date "2025.05.29"]
[Round "1.3"]
[White "Delorme, Axel"]
[Black "Robert, Mathias"]
[Result "1-0"]
[WhiteTitle "GM"]
[WhiteElo "2475"]
[BlackElo "2265"]
[WhiteTeam "Clichy Echecs 92"]
[BlackTeam "Bois-Colombes"]
[WhiteFideId "632023"]
[BlackFideId "26066769"]
[EventDate "2025.05.29"]
[EventType "team"]

1. e4 g6 2. d4 Bg7 3. Nc3 d6 4. Be3 a6 5. h4 Nf6 6. h5 gxh5 7. f3 Nc6 8. Nge2 e5
9. dxe5 Nxe5 10. Nf4 h4 11. Qd2 Ng6 12. O-O-O Be6 13. Nxg6 hxg6 14. Bg5 Qd7 15.
Qe3 Kf8 16. e5 Ne8 17. f4 f6 18. exf6 Nxf6 19. Bd3 Bf7 20. f5 gxf5 21. Rdf1 Bg6
22. Qf3 Re8 23. Qxb7 Rh5 24. Bxh4 Re5 25. Qf3 Qe8 26. g4 Rh8 27. Bxf6 Bxf6 28.
Rxh8+ Bxh8 29. Bxf5 Bxf5 30. Qd3 Kg8 31. gxf5 Bf6 32. Qg3+ Kf8 33. Rg1 Qf7 34.
Qh3 Ke8 35. Qd3 d5 36. Qxa6 Qe7 37. Qc8+ Qd8 38. Rg8+ 1-0

[Event "TCh-FRA Top 16 Basse 2025"]
[Site "Belfort FRA"]
[Date "2025.05.29"]
[Round "1.4"]
[White "Samoun, Florent"]
[Black "Hamdouchi, Hicham"]
[Result "1/2-1/2"]
[WhiteTitle "FM"]
[BlackTitle "GM"]
[WhiteElo "2261"]
[BlackElo "2525"]
[WhiteTeam "Bois-Colombes"]
[BlackTeam "Clichy Echecs 92"]
[WhiteFideId "664995"]
[BlackFideId "9000011"]
[EventDate "2025.05.29"]
[EventType "team"]

1. e4 c5 2. Nf3 e6 3. g3 d5 4. exd5 exd5 5. d4 Nc6 6. Bg2 Bg4 7. O-O cxd4 8. h3
Bh5 9. g4 Bg6 10. Nxd4 Bc5 11. Be3 Bb6 12. Re1 Nge7 13. Bg5 Bxd4 14. Bxe7 Nxe7
15. Qxd4 O-O 16. Nc3 Nc6 17. Qxd5 Qf6 18. Rac1 Rfd8 19. Qf3 Qxf3 20. Bxf3 Nd4
21. Be4 Rac8 22. Kg2 b5 23. Bxg6 hxg6 24. Re5 a6 25. Rd5 b4 26. Rxd8+ Rxd8 27.
Ne4 f5 28. Nc5 Ne2 29. Re1 Rd2 30. Nxa6 Rxc2 31. Nxb4 Rxb2 32. a3 Kf7 33. g5
Nf4+ 34. Kg3 Ne6 35. h4 Rb3+ 36. Kh2 Rxa3 37. Nc6 Nf4 38. Ne5+ Kg8 39. Rb1 Rh3+
40. Kg1 Ne2+ 41. Kg2 Nf4+ 42. Kg1 Ne2+ 1/2-1/2

[Event "TCh-FRA Top 16 Basse 2025"]
[Site "Belfort FRA"]
[Date "2025.05.29"]
[Round "1.5"]
[White "Shoker, Samy"]
[Black "De Balmann, Marc"]
[Result "1-0"]
[WhiteTitle "GM"]
[WhiteElo "2456"]
[BlackElo "2178"]
[WhiteTeam "Clichy Echecs 92"]
[BlackTeam "Bois-Colombes"]
[WhiteFideId "627143"]
[BlackFideId "26041383"]
[EventDate "2025.05.29"]
[EventType "team"]

1. c4 Nf6 2. g3 g6 3. Bg2 Bg7 4. Nc3 O-O 5. d3 d6 6. Rb1 a5 7. a3 e5 8. b4 axb4
9. axb4 Re8 10. Bb2 c6 11. Qb3 Na6 12. Nf3 d5 13. cxd5 Nxd5 14. Nxd5 cxd5 15.
O-O Qd6 16. Ng5 Nc7 17. f4 h6 18. Nf3 exf4 19. Bxg7 Kxg7 20. Qb2+ Kg8 21. gxf4
Qxf4 22. Kh1 Nb5 23. Rbc1 Bd7 24. Rc5 Bc6 25. e4 Nc7 26. Nd4 Qe5 27. Qf2 Qe7 28.
exd5 Na6 29. dxc6 Nxc5 30. bxc5 1-0